000 00242nam a2200109Ia 4500
999 _c10034
_d10034
020 _a978-0073376769
100 _aJames A. O Brien
245 0 _aManagement Information Systems
260 _aIndia
_bOxford
_c2003
300 _a366
942 _cBK